00526nam a2200169Ia 450000500170000000800410001702000160005808200130007410000230008724500190011026000470012930000160017650000480019294200060024095200950024699900150034120250310052110.0240331s9999 xx 000 0 und d a95561016372 bSAMa808 aSamarasekara,J.K.S 0aAwasan kawyaya aPittakottebState printing coprationc2004 aX, 137 p ., aShesher kavita novel by Rabindranath Tagore cL 001040708LaWERCLbWERCLcSSCd2024-03-31l0o 808 SAMp5892r2024-03-31w2024-03-31yL c5269d5269